Reptilien - Sudden Death - Statistiken

Allgemein
  • Dieses Quiz wurde 301 mal gespielt
  • Das Durchschnittsergebnis liegt bei 6 aus 16
Answers on the Grid
Answers color-coded by a green-red scale on the quiz's grid according to % correct below.
Aguti
Auster
Bartagame
Basilisk
Blindschleiche
Boomslang
Buschmeister
Chamäleon
Dingo
Dunkle Pelomeduse
Einsiedlerkrebs
Gecko
Geierschildkröte
Gelbgebänderter Krait
Gibbon
Gila-Monster
Kaninchen
Komododrache
Kreuzotter
Kronenkranich
Lanzenotter
Leistenkrokodil
Oktopus
Opossum
Pangolin
Riesenkalmar
Riesenotter
Riesenschildkröte
Salamander
Schwarze Witwe
Serval
Stechrochen
 
Antwortstatistiken
Antwort % Korrekt
Chamäleon
57%
Gecko
55%
Leistenkrokodil
55%
Kreuzotter
48%
Riesenschildkröte
46%
Blindschleiche
43%
Geierschildkröte
40%
Komododrache
40%
Basilisk
34%
Bartagame
33%
Lanzenotter
33%
Gila-Monster
19%
Boomslang
17%
Buschmeister
14%
Gelbgebänderter Krait
14%
Dunkle Pelomeduse
10%
Keine übereinstimmenden Quizze gefunden
Verteilung der Resultate
Anzahl Personen mit jedem Resultat
Perzentil nach korrekt beantworteten Fragen
Ihre Resultats-Entwicklung
Sie haben dieses Quiz noch nicht gespielt